[Event "New Zealand Championship 2023"]
[Site "Wellington"]
[Date "2023.01.02"]
[Round "1.10"]
[White "Van Riemsdijk, Herman C."]
[Black "Young, Cohen"]
[Result "1/2-1/2"]
[WhiteElo "2265"]
[BlackElo "1994"]

1. e4 {[%clk 01:30:56] [%emt 00:00:03]} 1... c5 {[%clk 01:30:58] [%emt
00:00:03]} 2. Nf3 {[%clk 01:31:08] [%emt 00:00:18]} 2... d6 {[%clk 01:31:26]
[%emt 00:00:02]} 3. d4 {[%clk 01:31:27] [%emt 00:00:10]} 3... cxd4 {[%clk
01:31:54] [%emt 00:00:03]} 4. Nxd4 {[%clk 01:31:47] [%emt 00:00:09]} 4... Nf6
{[%clk 01:32:16] [%emt 00:00:09]} 5. Nc3 {[%clk 01:32:12] [%emt 00:00:06]} 5...
Nc6 {[%clk 01:32:40] [%emt 00:00:06]} 6. Bg5 {[%clk 01:32:16] [%emt 00:00:25]}
6... e6 {[%clk 01:33:09] [%emt 00:00:02]} 7. Qd2 {[%clk 01:32:36] [%emt
00:00:08]} 7... a6 {[%clk 01:33:24] [%emt 00:00:16]} 8. O-O-O {[%clk 01:32:52]
[%emt 00:00:13]} 8... Bd7 {[%clk 01:33:44] [%emt 00:00:11]} 9. f3 {[%clk
01:32:54] [%emt 00:00:27]} 9... Nxd4 {[%clk 01:34:04] [%emt 00:00:11]} 10. Qxd4
{[%clk 01:33:11] [%emt 00:00:11]} 10... Be7 {[%clk 01:34:21] [%emt 00:00:14]}
11. h4 {[%clk 01:32:25] [%emt 00:01:16]} 11... b5 {[%clk 01:27:49] [%emt
00:07:03]} 12. Kb1 {[%clk 01:29:57] [%emt 00:02:56]} 12... Qc7 {[%clk 01:20:08]
[%emt 00:08:12]} 13. g4 {[%clk 01:27:25] [%emt 00:03:02]} 13... O-O {[%clk
01:12:09] [%emt 00:08:29]} 14. Bxf6 {[%clk 01:25:32] [%emt 00:02:23]} 14...
gxf6 {[%clk 01:11:56] [%emt 00:00:44]} 15. g5 {[%clk 01:25:45] [%emt 00:00:16]}
15... Qa7 {[%clk 01:11:30] [%emt 00:00:57]} 16. gxf6 {[%clk 01:25:33] [%emt
00:00:41]} 16... Qxd4 {[%clk 01:10:52] [%emt 00:01:09]} 17. Rxd4 {[%clk
01:25:56] [%emt 00:00:06]} 17... Bxf6 {[%clk 01:11:11] [%emt 00:00:12]} 18.
Rxd6 {[%clk 01:26:03] [%emt 00:00:23]} 18... Rfd8 {[%clk 01:10:31] [%emt
00:01:11]} 19. Be2 {[%clk 01:22:15] [%emt 00:04:16]} 19... Be8 {[%clk 01:06:12]
[%emt 00:04:51]} 20. Rxd8 {[%clk 01:21:31] [%emt 00:01:14]} 20... Rxd8 {[%clk
01:06:39] [%emt 00:00:03]} 21. Bd3 {[%clk 01:21:45] [%emt 00:00:15]} 21... Bxc3
{[%clk 01:01:20] [%emt 00:05:37]} 22. bxc3 {[%clk 01:22:14]} 22... f6 {[%clk
00:55:32] [%emt 00:06:32]} 23. f4 {[%clk 01:21:42] [%emt 00:01:01]} 23... Bc6
{[%clk 00:54:06] [%emt 00:01:57]} 24. Rg1+ {[%clk 01:21:33] [%emt 00:00:38]}
24... Kf7 {[%clk 00:54:29] [%emt 00:00:08]} 25. e5 {[%clk 01:21:41] [%emt
00:00:22]} 25... f5 {[%clk 00:53:49] [%emt 00:01:11]} 26. Kb2 {[%clk 01:20:13]
[%emt 00:01:57]} 26... a5 {[%clk 00:48:01] [%emt 00:06:20]} 27. Be2 {[%clk
01:18:19] [%emt 00:02:23]} 27... Rd2 {[%clk 00:46:06] [%emt 00:02:26]} 28. Re1
{[%clk 01:16:42] [%emt 00:02:06]} 28... Be4 {[%clk 00:39:08] [%emt 00:07:28]}
29. Bxb5 {[%clk 01:08:20] [%emt 00:08:52]} 29... Rxc2+ {[%clk 00:36:37] [%emt
00:03:02]} 30. Kb3 {[%clk 01:08:37] [%emt 00:00:12]} 30... Rf2 {[%clk 00:31:20]
[%emt 00:05:48]} 31. c4 {[%clk 01:05:54] [%emt 00:03:12]} 31... Rxf4 {[%clk
00:31:12] [%emt 00:00:38]} 32. Ka4 {[%emt 00:06:38]} 32... Rf2 {[%clk
00:29:32]} 33. a3 {[%clk 01:02:04] [%emt 00:00:21]} 33... Rf3 {[%clk 00:29:58]
[%emt 00:00:04]} 34. c5 {[%clk 00:59:05] [%emt 00:03:29]} 34... Rc3 {[%clk
00:29:34] [%emt 00:00:54]} 35. Kxa5 {[%clk 00:58:34] [%emt 00:01:00]} 35...
Rxc5 {[%clk 00:29:49] [%emt 00:00:16]} 36. Kb6 {[%clk 00:58:55] [%emt
00:00:09]} 36... Rxe5 {[%clk 00:21:04] [%emt 00:09:16]} 37. a4 {[%clk 00:59:13]
[%emt 00:00:11]} 37... Rd5 {[%clk 00:20:10] [%emt 00:01:24]} 38. a5 {[%clk
00:53:56] [%emt 00:05:47]} 38... Rd8 {[%clk 00:18:26] [%emt 00:02:14]} 39. a6
{[%clk 00:51:29] [%emt 00:02:57]} 39... Rb8+ {[%clk 00:14:17] [%emt 00:04:38]}
40. Kc5 {[%clk 01:21:44] [%emt 00:00:15]} 40... Rc8+ {[%clk 00:43:38] [%emt
00:01:10]} 41. Kd6 {[%clk 01:20:40] [%emt 00:01:34]} 41... Rd8+ {[%clk
00:41:14] [%emt 00:02:55]} 42. Kc7 {[%clk 01:18:30] [%emt 00:02:38]} 42... Ra8
{[%clk 00:39:53] [%emt 00:01:52]} 43. Kb6 {[%clk 01:18:35] [%emt 00:00:25]}
43... Rb8+ {[%clk 00:39:58] [%emt 00:00:25]} 44. Kc5 {[%clk 01:18:58] [%emt
00:00:07]} 44... Rc8+ {[%clk 00:40:21] [%emt 00:00:07]} 45. Kd6 {[%clk
01:19:11] [%emt 00:00:16]} 45... Rd8+ {[%clk 00:40:39] [%emt 00:00:12]} 46. Kc7
{[%clk 01:19:21] [%emt 00:00:20]} 46... Ra8 {[%clk 00:41:07] [%emt 00:00:02]}
47. Kb6 {[%clk 01:18:28] [%emt 00:01:22]} 1/2-1/2

[Event "New Zealand Championship 2023"]
[Site "Wellington"]
[Date "2023.01.02"]
[Round "1.11"]
[White "Tanoi, T Edward"]
[Black "McLaren, Leonard J"]
[Result "0-1"]
[WhiteElo "1993"]
[BlackElo "2265"]

1. e4 {[%clk 01:30:56] [%emt 00:00:03]} 1... c5 {[%clk 01:30:54] [%emt
00:00:06]} 2. Nc3 {[%clk 01:30:54] [%emt 00:00:32]} 2... a6 {[%clk 01:31:09]
[%emt 00:00:15]} 3. f4 {[%clk 01:30:32] [%emt 00:00:53]} 3... Nc6 {[%clk
01:31:09] [%emt 00:00:30]} 4. g3 {[%clk 01:30:25] [%emt 00:00:37]} 4... g6
{[%clk 01:31:04] [%emt 00:00:35]} 5. Bg2 {[%clk 01:30:38] [%emt 00:00:16]} 5...
Bg7 {[%clk 01:31:04] [%emt 00:00:31]} 6. Nh3 {[%clk 01:29:39] [%emt 00:01:30]}
6... e6 {[%clk 01:27:41] [%emt 00:03:53]} 7. d3 {[%clk 01:28:58] [%emt
00:01:10]} 7... Nge7 {[%clk 01:25:58] [%emt 00:02:13]} 8. O-O {[%clk 01:29:17]
[%emt 00:00:11]} 8... Nd4 {[%clk 01:12:40] [%emt 00:13:49]} 9. f5 {[%clk
01:22:01] [%emt 00:07:45]} 9... exf5 {[%clk 01:08:35] [%emt 00:04:36]} 10. exf5
{[%clk 01:22:21] [%emt 00:00:09]} 10... Ndxf5 {[%clk 01:07:48] [%emt 00:01:17]}
11. Bg5 {[%clk 01:15:16] [%emt 00:07:35]} 11... O-O {[%clk 00:57:53] [%emt
00:10:25]} 12. Rxf5 {[%clk 01:01:17] [%emt 00:14:29]} 12... gxf5 {[%clk
00:57:25] [%emt 00:00:58]} 13. Nd5 {[%clk 01:01:35] [%emt 00:00:12]} 13... f6
{[%clk 00:55:25] [%emt 00:02:30]} 14. Qh5 {[%clk 00:56:35] [%emt 00:05:29]}
14... Ng6 {[%clk 00:40:14] [%emt 00:15:41]} 15. Bh6 {[%clk 00:52:10] [%emt
00:04:55]} 15... d6 {[%clk 00:36:06] [%emt 00:04:38]} 16. Bxg7 {[%clk 00:49:01]
[%emt 00:03:39]} 16... Kxg7 {[%clk 00:36:24] [%emt 00:00:13]} 17. Nhf4 {[%clk
00:48:32] [%emt 00:00:58]} 17... Bd7 {[%clk 00:31:50] [%emt 00:05:04]} 18. Qf3
{[%clk 00:47:28] [%emt 00:01:34]} 18... Nxf4 {[%clk 00:28:14] [%emt 00:04:06]}
19. Nxf4 {[%clk 00:41:28] [%emt 00:06:30]} 19... Rb8 {[%clk 00:21:48] [%emt
00:06:56]} 20. Nh5+ {[%clk 00:36:47] [%emt 00:05:11]} 20... Kh8 {[%clk
00:21:54] [%emt 00:00:24]} 21. Qf4 {[%clk 00:36:46] [%emt 00:00:31]} 21... Be8
{[%clk 00:17:16] [%emt 00:05:08]} 22. Qxf5 {[%clk 00:35:32] [%emt 00:01:44]}
22... Bxh5 {[%clk 00:17:24] [%emt 00:00:22]} 23. Qxh5 {[%clk 00:35:56] [%emt
00:00:06]} 23... Qe7 {[%clk 00:16:27] [%emt 00:01:28]} 24. Rf1 {[%clk 00:35:27]
[%emt 00:00:59]} 24... Rbe8 {[%clk 00:15:55] [%emt 00:01:02]} 25. Be4 {[%clk
00:34:05] [%emt 00:01:52]} 25... Qg7 {[%clk 00:13:07] [%emt 00:03:17]} 26. Rf4
{[%clk 00:33:26] [%emt 00:01:08]} 26... Re5 {[%clk 00:13:07] [%emt 00:00:32]}
27. Qf3 {[%clk 00:33:47] [%emt 00:00:09]} 27... b6 {[%clk 00:12:31] [%emt
00:01:06]} 28. Rg4 {[%clk 00:29:56] [%emt 00:04:21]} 28... Rg5 {[%clk 00:12:01]
[%emt 00:01:02]} 29. Rh4 {[%clk 00:28:32] [%emt 00:01:52]} 29... f5 {[%clk
00:11:35] [%emt 00:00:57]} 30. Rf4 {[%clk 00:28:50] [%emt 00:00:11]} 30... Qxb2
{[%clk 00:11:01] [%emt 00:01:04]} 31. Bxf5 {[%clk 00:25:04] [%emt 00:04:16]}
31... Qc1+ {[%clk 00:10:59] [%emt 00:00:32]} 32. Kg2 {[%clk 00:25:26] [%emt
00:00:08]} 32... Qxc2+ {[%clk 00:11:01] [%emt 00:00:28]} 33. Kh3 {[%clk
00:25:49] [%emt 00:00:07]} 33... Qxa2 {[%clk 00:08:41] [%emt 00:02:51]} 34. g4
{[%clk 00:23:12] [%emt 00:03:06]} 34... Qf7 {[%clk 00:06:39] [%emt 00:02:32]}
35. Kg3 {[%clk 00:19:56] [%emt 00:03:46]} 35... Qf6 {[%clk 00:04:34] [%emt
00:02:36]} 36. h4 {[%clk 00:19:03] [%emt 00:01:22]} 36... Rg7 {[%clk 00:04:58]
[%emt 00:00:06]} 37. g5 {[%clk 00:18:29] [%emt 00:01:03]} 37... Qe5 {[%clk
00:04:59] [%emt 00:00:29]} 38. Kg4 {[%clk 00:18:27] [%emt 00:00:32]} 38... Rgf7
{[%clk 00:04:32] [%emt 00:00:58]} 39. h5 {[%clk 00:16:08] [%emt 00:02:49]}
39... Rxf5 {[%clk 00:04:09] [%emt 00:00:53]} 40. Rxf5 {[%clk 00:46:30] [%emt
00:00:07]} 40... Qxf5+ {[%clk 00:34:33] [%emt 00:00:06]} 41. Qxf5 {[%clk
00:46:54] [%emt 00:00:06]} 41... Rxf5 {[%clk 00:35:00] [%emt 00:00:04]} 42.
Kxf5 {[%clk 00:47:20] [%emt 00:00:05]} 42... a5 {[%clk 00:33:57] [%emt
00:01:32]} 43. Ke6 {[%clk 00:47:43] [%emt 00:00:06]} 43... Kg8 {[%clk 00:34:10]
[%emt 00:00:17]} 0-1

[Event "New Zealand Championship 2023"]
[Site "Wellington"]
[Date "2023.01.02"]
[Round "1.12"]
[White "Winter, Ryan"]
[Black "Qin, Oscar Shu Xuan"]
[Result "1-0"]
[WhiteElo "2209"]
[BlackElo "1964"]

1. e4 {[%clk 01:30:52] [%emt 00:00:07]} 1... d6 {[%clk 01:30:45] [%emt
00:00:16]} 2. d4 {[%clk 01:31:13] [%emt 00:00:09]} 2... g6 {[%clk 01:31:10]
[%emt 00:00:05]} 3. Nf3 {[%clk 01:30:32] [%emt 00:01:10]} 3... Nf6 {[%clk
01:31:34] [%emt 00:00:06]} 4. Nc3 {[%clk 01:29:57] [%emt 00:01:05]} 4... Bg7
{[%clk 01:31:53] [%emt 00:00:12]} 5. Bc4 {[%clk 01:27:34] [%emt 00:02:53]} 5...
O-O {[%clk 01:31:48] [%emt 00:00:35]} 6. Qe2 {[%clk 01:26:55] [%emt 00:01:09]}
6... Nc6 {[%clk 01:23:38] [%emt 00:08:41]} 7. e5 {[%clk 01:23:04] [%emt
00:04:20]} 7... Ng4 {[%clk 01:21:48] [%emt 00:02:21]} 8. h3 {[%clk 01:20:48]
[%emt 00:02:46]} 8... Nh6 {[%clk 01:22:00] [%emt 00:00:18]} 9. e6 {[%clk
01:00:03] [%emt 00:21:15]} 9... Nf5 {[%clk 01:08:59] [%emt 00:13:30]} 10. exf7+
{[%clk 00:57:44] [%emt 00:02:49]} 10... Kh8 {[%clk 01:09:09] [%emt 00:00:20]}
11. d5 {[%clk 00:58:03] [%emt 00:00:12]} 11... Ncd4 {[%clk 01:07:38] [%emt
00:02:01]} 12. Nxd4 {[%clk 00:58:12] [%emt 00:00:21]} 12... Nxd4 {[%clk
01:08:03] [%emt 00:00:05]} 13. Qd1 {[%clk 00:57:58] [%emt 00:00:44]} 13... Rxf7
{[%clk 01:04:44] [%emt 00:03:49]} 14. O-O {[%clk 00:52:58] [%emt 00:05:29]}
14... Bf5 {[%clk 00:58:22] [%emt 00:06:52]} 15. Be3 {[%clk 00:38:17] [%emt
00:15:12]} 15... Nxc2 {[%clk 00:46:42] [%emt 00:12:10]} 16. g4 {[%clk 00:38:41]
[%emt 00:00:05]} 16... Nxa1 {[%clk 00:39:42] [%emt 00:07:30]} 17. gxf5 {[%clk
00:37:52] [%emt 00:01:20]} 17... Rxf5 {[%clk 00:31:12] [%emt 00:09:00]} 18.
Qxa1 {[%clk 00:32:35] [%emt 00:05:46]} 18... Qd7 {[%clk 00:26:49] [%emt
00:04:54]} 19. Kg2 {[%clk 00:28:59] [%emt 00:04:06]} 19... Raf8 {[%clk
00:25:53] [%emt 00:01:25]} 20. f4 {[%clk 00:25:09] [%emt 00:04:19]} 20... Rh5
{[%clk 00:23:22] [%emt 00:03:02]} 21. Rf3 {[%clk 00:24:12] [%emt 00:01:27]}
21... g5 {[%clk 00:23:35] [%emt 00:00:17]} 22. f5 {[%clk 00:22:56] [%emt
00:01:46]} 22... Rh4 {[%clk 00:23:00] [%emt 00:01:05]} 23. Bd3 {[%clk 00:18:03]
[%emt 00:05:23]} 23... Be5 {[%clk 00:20:48] [%emt 00:02:42]} 24. Qe1 {[%clk
00:15:21] [%emt 00:03:13]} 24... Rh5 {[%clk 00:18:00] [%emt 00:03:18]} 25. Rf1
{[%clk 00:14:08] [%emt 00:01:43]} 25... g4 {[%clk 00:14:53] [%emt 00:03:37]}
26. hxg4 {[%clk 00:11:34] [%emt 00:03:04]} 26... Rh2+ {[%clk 00:15:02] [%emt
00:00:21]} 27. Kf3 {[%clk 00:11:17] [%emt 00:00:47]} 27... h5 {[%clk 00:12:50]
[%emt 00:02:42]} 28. Rh1 {[%clk 00:09:24] [%emt 00:02:22]} 28... hxg4+ {[%clk
00:12:55] [%emt 00:00:27]} 29. Kxg4 {[%clk 00:09:05] [%emt 00:00:49]} 29...
Rg8+ {[%clk 00:13:09] [%emt 00:00:16]} 30. Bg5 {[%clk 00:09:07] [%emt
00:00:28]} 30... Rg7 {[%clk 00:11:50] [%emt 00:01:49]} 31. Rxh2+ {[%clk
00:07:29] [%emt 00:02:08]} 31... Bxh2 {[%clk 00:12:17] [%emt 00:00:03]} 32. Kf3
{[%clk 00:05:18] [%emt 00:02:40]} 32... Be5 {[%clk 00:12:29] [%emt 00:00:18]}
33. Qe4 {[%clk 00:03:57] [%emt 00:01:52]} 33... Kg8 {[%clk 00:11:42] [%emt
00:01:17]} 34. Bf4 {[%clk 00:03:25] [%emt 00:01:02]} 34... Qe8 {[%clk 00:10:11]
[%emt 00:02:01]} 35. Bxe5 {[%clk 00:02:44] [%emt 00:01:10]} 35... Qh5+ {[%clk
00:09:59] [%emt 00:00:41]} 36. Ke3 {[%clk 00:02:06] [%emt 00:01:09]} 36... Qh3+
{[%clk 00:09:08] [%emt 00:01:21]} 37. Qf3 {[%clk 00:01:13] [%emt 00:01:23]}
37... Qxf3+ {[%clk 00:09:23] [%emt 00:00:16]} 38. Kxf3 {[%clk 00:01:40] [%emt
00:00:03]} 38... dxe5 {[%clk 00:09:48] [%emt 00:00:04]} 39. Ke4 {[%clk
00:01:56] [%emt 00:00:13]} 39... Rg2 {[%clk 00:09:36] [%emt 00:00:42]} 40. b3
{[%clk 00:31:55] [%emt 00:00:31]} 40... Kf7 {[%clk 00:38:39] [%emt 00:01:28]}
41. Kxe5 {[%clk 00:31:50] [%emt 00:00:35]} 41... a6 {[%clk 00:38:44] [%emt
00:00:25]} 42. a4 {[%clk 00:29:44] [%emt 00:02:36]} 42... Rg3 {[%clk 00:34:42]
[%emt 00:04:31]} 43. Kd4 {[%clk 00:29:20] [%emt 00:00:55]} 43... Ke8 {[%clk
00:33:56] [%emt 00:01:16]} 44. Ne4 {[%clk 00:28:59] [%emt 00:00:51]} 44... Rg4
{[%clk 00:33:39] [%emt 00:00:47]} 45. Ke5 {[%clk 00:28:14] [%emt 00:01:14]}
45... Kd8 {[%clk 00:30:46] [%emt 00:03:23]} 46. Nc5 {[%clk 00:25:50] [%emt
00:02:55]} 46... Rb4 {[%clk 00:30:12] [%emt 00:01:05]} 47. Bc4 {[%clk 00:24:49]
[%emt 00:01:30]} 47... a5 {[%clk 00:29:20] [%emt 00:01:23]} 48. Bb5 {[%clk
00:21:33] [%emt 00:03:45]} 48... b6 {[%clk 00:25:45] [%emt 00:04:05]} 49. Ne6+
{[%clk 00:21:57] [%emt 00:00:06]} 49... Kc8 {[%clk 00:26:05] [%emt 00:00:10]}
50. Nd4 {[%clk 00:21:54] [%emt 00:00:33]} 50... Kb7 {[%clk 00:25:00] [%emt
00:01:35]} 51. Bc4 {[%clk 00:21:52] [%emt 00:00:32]} 51... b5 {[%clk 00:24:39]
[%emt 00:00:52]} 52. Bxb5 {[%clk 00:21:58] [%emt 00:00:24]} 52... Kb6 {[%clk
00:24:37] [%emt 00:00:32]} 53. Nc6 {[%clk 00:22:01] [%emt 00:00:27]} 53... Rxb3
{[%clk 00:24:43] [%emt 00:00:24]} 54. Nxe7 {[%clk 00:22:02] [%emt 00:00:28]}
54... Re3+ {[%clk 00:24:30] [%emt 00:00:43]} 55. Kf6 {[%clk 00:22:26] [%emt
00:00:06]} 55... Kc5 {[%clk 00:24:46] [%emt 00:00:15]} 56. Bc6 {[%clk 00:22:25]
[%emt 00:00:31]} 56... Kd6 {[%clk 00:24:37] [%emt 00:00:39]} 57. Nc8+ {[%clk
00:22:14] [%emt 00:00:41]} 57... Kc5 {[%clk 00:25:03] [%emt 00:00:04]} 58. Kf7
{[%clk 00:22:25] [%emt 00:00:19]} 58... Re2 {[%clk 00:24:38] [%emt 00:00:55]}
59. f6 {[%clk 00:22:21] [%emt 00:00:35]} 59... Re1 {[%clk 00:25:05] [%emt
00:00:03]} 60. Kf8 {[%clk 00:22:38] [%emt 00:00:13]} 60... Rf1 {[%clk 00:25:17]
[%emt 00:00:18]} 61. f7 {[%clk 00:23:03] [%emt 00:00:05]} 61... Rf2 {[%clk
00:25:29] [%emt 00:00:18]} 62. Ke8 {[%clk 00:23:02] [%emt 00:00:31]} 1-0

[Event "New Zealand Championship 2023"]
[Site "Wellington"]
[Date "2023.01.02"]
[Round "1.13"]
[White "Masters, Andrew D"]
[Black "Thomas, Ben"]
[Result "0-1"]
[WhiteElo "1946"]
[BlackElo "2200"]

1. d4 {[%clk 01:30:56] [%emt 00:00:02]} 1... e6 {[%clk 01:30:55] [%emt
00:00:06]} 2. c4 {[%clk 01:31:17] [%emt 00:00:10]} 2... f5 {[%clk 01:31:20]
[%emt 00:00:05]} 3. Nc3 {[%clk 01:31:10] [%emt 00:00:37]} 3... Nf6 {[%clk
01:31:45] [%emt 00:00:05]} 4. Nf3 {[%clk 01:28:43] [%emt 00:02:57]} 4... Be7
{[%clk 01:32:04] [%emt 00:00:10]} 5. e3 {[%clk 01:28:53] [%emt 00:00:20]} 5...
O-O {[%clk 01:31:08] [%emt 00:01:26]} 6. Be2 {[%clk 01:28:47] [%emt 00:00:36]}
6... d6 {[%clk 01:29:10] [%emt 00:02:28]} 7. b4 {[%clk 01:27:06] [%emt
00:02:11]} 7... Ne4 {[%clk 01:25:10] [%emt 00:04:30]} 8. Qc2 {[%clk 01:24:35]
[%emt 00:03:01]} 8... Nxc3 {[%clk 01:24:27] [%emt 00:01:13]} 9. Qxc3 {[%clk
01:24:34] [%emt 00:00:30]} 9... Bf6 {[%clk 01:24:23] [%emt 00:00:34]} 10. O-O
{[%clk 01:21:10] [%emt 00:03:54]} 10... e5 {[%clk 01:19:39] [%emt 00:05:15]}
11. dxe5 {[%clk 01:13:11] [%emt 00:08:28]} 11... dxe5 {[%clk 01:20:07] [%emt
00:00:02]} 12. Rd1 {[%clk 01:10:41] [%emt 00:03:00]} 12... Qe8 {[%clk 01:12:18]
[%emt 00:08:18]} 13. Qd2 {[%clk 00:59:30] [%emt 00:11:41]} 13... Be6 {[%clk
01:00:39] [%emt 00:12:10]} 14. Bb2 {[%clk 00:58:21] [%emt 00:01:39]} 14... Nd7
{[%clk 00:51:38] [%emt 00:09:30]} 15. Qc2 {[%clk 00:55:04] [%emt 00:03:47]}
15... Kh8 {[%clk 00:44:50] [%emt 00:07:18]} 16. c5 {[%clk 00:52:37] [%emt
00:02:57]} 16... c6 {[%clk 00:44:39] [%emt 00:00:41]} 17. Bc4 {[%clk 00:50:46]
[%emt 00:02:21]} 17... Bxc4 {[%clk 00:41:12] [%emt 00:03:58]} 18. Qxc4 {[%clk
00:50:51] [%emt 00:00:23]} 18... e4 {[%clk 00:41:17] [%emt 00:00:26]} 19. Bxf6
{[%clk 00:47:16] [%emt 00:04:05]} 19... Rxf6 {[%clk 00:35:08] [%emt 00:06:39]}
20. Qd4 {[%clk 00:43:27] [%emt 00:04:18]} 20... Nxc5 {[%clk 00:22:48] [%emt
00:12:51]} 21. bxc5 {[%clk 00:34:16] [%emt 00:09:41]} 21... exf3 {[%clk
00:22:54] [%emt 00:00:23]} 22. gxf3 {[%clk 00:30:17] [%emt 00:04:29]} 22... Qh5
{[%clk 00:22:11] [%emt 00:01:13]} 23. Qd8+ {[%clk 00:30:32] [%emt 00:00:15]}
23... Rf8 {[%clk 00:22:41]} 24. Qe7 {[%clk 00:26:15] [%emt 00:04:48]} 24...
Rae8 {[%clk 00:20:31] [%emt 00:02:40]} 25. Qxb7 {[%clk 00:20:54] [%emt
00:05:50]} 25... Qxf3 {[%clk 00:20:48] [%emt 00:00:14]} 26. Rd7 {[%clk
00:08:43] [%emt 00:12:41]} 26... f4 {[%clk 00:20:45] [%emt 00:00:33]} 27. Rf7
{[%clk 00:05:34] [%emt 00:03:39]} 27... Qg4+ {[%clk 00:20:08] [%emt 00:01:07]}
28. Kf1 {[%clk 00:05:35] [%emt 00:00:29]} 28... fxe3 {[%clk 00:17:46] [%emt
00:02:52]} 29. fxe3 {[%clk 00:03:30] [%emt 00:02:35]} 29... Qh3+ {[%clk
00:18:05] [%emt 00:00:10]} 30. Kg1 {[%clk 00:02:55] [%emt 00:01:05]} 30...
Qxe3+ {[%clk 00:18:22] [%emt 00:00:13]} 31. Kf1 {[%clk 00:02:17] [%emt
00:01:08]} 31... Qd3+ {[%clk 00:17:33] [%emt 00:01:20]} 0-1